Statistics for European History #1

Click here to take the quiz!

General Stats

  • This quiz has been taken 434 times
  • The average score is 5 of 15

Answer Stats

Hint Answer % Correct
Book written by HitlerMein Kampf
81%
The birthplace of the RenaissanceFlorence
71%
The cradle of democracy in GreeceAthens
70%
House formed from the union of the Houses of York and LancasterTudor
52%
German queen of RussiaCatherine the Great
46%
Writer of CandideVoltaire
42%
The First ReichHoly Roman Empire
35%
The unification of Germany and AustriaAnschluss
27%
Youngest daughter of Maria TheresaMarie Antoinette
23%
Writer of the DecameronGiovanni Boccaccio
18%
Sword of the Italian UnificationG. Garibaldia
15%
German form of inheritance though the first born sonPrimogeniture
14%
Dominant socio-economic structure in the Middle AgesSerfdom
14%
Greek heroic valueArete
2%
Power of the Roman patriarch over his familyPatria potestas
1%

Score Distribution

Percentile by Number Answered

Percent of People with Each Score

Your Score History

You have not taken this quiz